03456nam a2200385 i 4500003001000000005001700010007000300027008004100030020002700071020002400098040003500122245020100157264003400358300003200392336002700424337001500451338001200466500004300478505094800521520101901469650006002488650006802548651006302616653002602679653002802705653002902733700004002762700003802802700004102840700003702881700003302918700004002951700004002991700003903031CO-MdUADB20260512101110.0ta250313s2025 ck d||||r|||| 000 0 spa d a9783034351546qISBN-13 a3034351542qISBN-10 aCO-MdUADBbspacCO-MdUADBerda1 aAnálisis de la pobreza multidimensional y la persistencia de las desigualdades : los grupos indígenas que habitan Medellín y la autopercepción de la pobreza en el territorio rural disperso 1aNew York :bPeter Lang,c2025 a134 páginas :bgráficas 2rdacontentatextobtxt ano mediado avolumen aIncluye referencias en cada capítulo 0tCírculos de palabra con población indígena en contexto de ciudad y el buen vivir de los indígenas en Medellín / Deisy Yuliana Ríos Castro, Liliana Gallego Duque, Juan Camilo Medina Gutiérrez tAbordajes del bienestar : entre la academia, la política, los textos propios indígenas y la visión colectiva de la vida / Sharon Lilie Ciro Flórez, Liliana Gallego DuquetEl bienestar indígena en Medellín y el arraigo-desarraigo : aplicación de los círculos de palabra / Liliana Gallego Duque, Deisy Yuliana Ríos Castro, Juan Camilo Medina Gutiérrezt Pobreza indígena en Medellín : entre el buen vivir, la lista de capacidades de Nussbaum y el Índice de Pobreza Multidimensional / Liliana Gallego DuquetCaracterización de la pobreza autopercibida en las comunidades indígenas colombiana / Karen Castañeda Rico, Ana María Pérez Sánchez, José Leandro Ruíz Gómez, Edel Laura Sánchez Higuita 3 aEl presente libro realiza un análisis de la pobreza multidimensional y de las desigualdades persistentes en los pueblos indígenas que habitan Medellín y, en comunidades que habitan el territorio rural disperso en Colombia, con foco en el departamento de Vaupés. En el caso de Medellín, llama la atención que dicha pobreza se vive al interior de una ciudad pujante, pero no ajena a las dinámicas de altísima desigualdad y a los mecanismos causales subyacentes en este fenómeno en el contexto latinoamericano. En cuanto al territorio rural disperso, la autopercepción de la pobreza es coherente con la heterogeneidad que hay en los grupos sociales. El análisis de la pobreza y la desigualdad pluriétnica es desa_ ante, por ende, se deben vincular sus causas y develar algunos mecanismos estructurales y persistentes en los indígenas. Algunos de estos mecanismos están aunados a hechos y realidades en el territorio de origen y a las rupturas entre las dinámicas de lo rural y lo urbano. 7aIndígenas de Medellín (Colombia)vAspectos sociales 7aPolíticas públicaszMedellín (Antioquia, Colombia)2embne 7aMedellín (Antioquia, Colombia)xAspectos sociales2embne aPobreza e indígenas aBuen vivir - Medellín aPobreza multidimensional1 aGallego Duque, Liliana Maríaeedt1 aRíos Castro, Deisy Yulianaeorg1 aMedina Gutiérrez, Juan Camiloeorg1 aCiro Flórez, Sharon Lilieeaut1 aCastañeda Rico, Kareneaut1 aPérez Sánchez, Ana Maríaeaut1 aRuíz Gómez, José Leandroeorg1 aSánchez Higuita, Edel Lauraeaut